Central Library OPAC University of Rajshahi

Writing fast programs: (Record no. 83)

MARC details
000 -LEADER
fixed length control field 00982cam a22002654a 4500
001 - CONTROL NUMBER
control field 83
003 - CONTROL NUMBER IDENTIFIER
rucl marc code BD-RjUL
005 - DATE AND TIME OF LATEST TRANSACTION
control field 20211208233117.0
008 - FIXED-LENGTH DATA ELEMENTS--GENERAL INFORMATION
fixed length control field 131115s2008 ii d f b 001 0aeng d
035 ## - SYSTEM CONTROL NUMBER
System control number (BD-RjUL)92
040 ## - CATALOGING SOURCE
Original cataloging agency BD-RjUL
Language of cataloging eng
Transcribing agency (BD-RjUL)
041 ## - LANGUAGE CODE
Language code of text/sound track or separate title eng
082 00 - DEWEY DECIMAL CLASSIFICATION NUMBER
Classification number 005.101
Edition number 22
Author mark and year RIW 2007
100 1# - MAIN ENTRY--PERSONAL NAME
Personal name Riley, John S.
9 (RLIN) 286
245 10 - TITLE STATEMENT
Title Writing fast programs:
Remainder of title a practical guide for scientists and engineers /
Statement of responsibility, etc. John Riley.
260 ## - PUBLICATION, DISTRIBUTION, ETC. (IMPRINT)
Place of publication, distribution, etc. New Dellhi:
Name of publisher, distributor, etc. Cambridge International Science Pub.,
Date of publication, distribution, etc. c2008.
300 ## - PHYSICAL DESCRIPTION
Pagination xxvii, 328 p. :
Illustrations ill. ;
Size 24 cm. + 1 CD-ROM (4 3/4 in.)
504 ## - BIBLIOGRAPHY, ETC. NOTE
Bibliography, etc Includes bibliographical references (p. 313-321) and index.
650 #0 - SUBJECT ADDED ENTRY--TOPICAL TERM
Topical term or geographic name as entry element Computer programming.
9 (RLIN) 287
Topical term or geographic name as entry element Engineering mathematics
General subdivision Data processing.
9 (RLIN) 288
Topical term or geographic name as entry element Program transformation (Computer programming)
9 (RLIN) 289
653 ## - INDEX TERM--UNCONTROLLED
Uncontrolled term scientific programming
856 41 - ELECTRONIC LOCATION AND ACCESS
Materials specified Table of contents only
Uniform Resource Identifier <a href="http://www.loc.gov/catdir/toc/fy0707/2006491629.html">http://www.loc.gov/catdir/toc/fy0707/2006491629.html</a>
942 ## - ADDED ENTRY ELEMENTS (KOHA)
Source of classification or shelving scheme Dewey Decimal Classification
Koha item type Books
Holdings
Lost status Source of classification or shelving scheme Damaged status Not for loan Collection code Permanent Location Current Location Shelving location Date acquired Cost, normal purchase price Total Checkouts Full call number Date last seen Copy number Koha item type
  Dewey Decimal Classification     Non-fiction Central Library, University of Rajshahi Central Library, University of Rajshahi   11/07/2009 1161.30   005.101 RIW 2008 07/11/2013 C-4 Books
  Dewey Decimal Classification     Non-fiction Central Library, University of Rajshahi Central Library, University of Rajshahi   11/07/2009 1161.30   005.101 RIW 2008 07/11/2013 C-3 Books